| 000 | 01103nam a2200253Ia 4500 | ||
|---|---|---|---|
| 999 |
_c38471 _d38471 |
||
| 001 | 4483 | ||
| 003 | GE_BSU | ||
| 005 | 20210216135429.0 | ||
| 008 | 181216s2009||||ge |||||||||||||| ||geo|| | ||
| 020 | _a9287155941 | ||
| 040 | _cGE_BSU | ||
| 041 | _ageo | ||
| 080 | _a341.176 ბ–49 | ||
| 100 |
_aბენუა-რომერი, ფლორანს _94801 |
||
| 245 |
_aევროპის საბჭოს სამართალი : _bპანევროპული სამართლებრივი სივრცისაკენ / _cფლორანს ბენუ-რომერი, ჰაინრიხ კლებესი. |
||
| 260 | _aთბილისი | ||
| 260 | _c2009 | ||
| 300 |
_a330 გვ. ; _b23 სმ. |
||
| 504 | _aბიბლიოგრ. ტექსტ. შენიშვნ. და გვ. 323-324. | ||
| 653 | _aევროპის საბჭო; | ||
| 653 | _aსამართალი ევროპაში; | ||
| 700 |
_aკლებესი, ჰაინრიხ _eავტორი _94802 |
||
| 942 |
_cBK _2udc |
||